| 000 | 01860nam a2200385Ia 4500 | ||
|---|---|---|---|
| 001 | ebr10171537 | ||
| 003 | CaPaEBR | ||
| 006 | m u | ||
| 007 | cr cn||||||||| | ||
| 008 | 040309s2004 ne sb 101 0 eng d | ||
| 010 | _z 2004045598 | ||
| 020 | _z9004138080 (v. 2) | ||
| 040 |
_aCaPaEBR _cCaPaEBR |
||
| 035 | _a(OCoLC)182530527 | ||
| 050 | 1 | 4 |
_aPA4385 _b.S69 2002eb |
| 110 | 2 |
_aInternational Plutarch Society. _bInternational Congress _n(6th : _d2002 : _cUniversity of Nijmegen/Castle Hernen, Netherlands) |
|
| 245 | 1 | 4 |
_aThe statesman in Plutarch's Greek and Roman lives _h[electronic resource] / _cedited by Lukas de Blois ... [et al.]. |
| 260 |
_aLeiden ; _aBoston : _bBrill, _c2004. |
||
| 300 | _axx, 395 p. | ||
| 490 | 1 |
_aMnemosyne, bibliotheca classica Batava. Supplementum ; _v250 |
|
| 490 | 0 |
_aThe statesman in Plutarch's works: proceedings of the Sixth International Conference of the International Plutarch Society, Nijmegen/Castle Hernen, May 1-5, 2002 ; _v2 |
|
| 504 | _aIncludes bibliographical references and index. | ||
| 533 |
_aElectronic reproduction. _bPalo Alto, Calif. : _cebrary, _d2009. _nAvailable via World Wide Web. _nAccess may be limited to ebrary affiliated libraries. |
||
| 600 | 0 | 0 |
_aPlutarch. _tLives. |
| 650 | 0 |
_aStatesmen _zGreece _vBiography _xHistory and criticism. |
|
| 650 | 0 |
_aStatesmen _zRome _vBiography _xHistory and criticism. |
|
| 650 | 0 | _aBiography as a literary form. | |
| 651 | 0 |
_aGreece _vBiography _xHistory and criticism. |
|
| 651 | 0 |
_aRome _vBiography _xHistory and criticism. |
|
| 655 | 7 |
_aElectronic books. _2local |
|
| 700 | 1 | _aBlois, Lukas de. | |
| 710 | 2 | _aebrary, Inc. | |
| 830 | 0 |
_aMnemosyne, bibliotheca classica Batava. _pSupplementum ; _v250. |
|
| 856 | 4 | 0 |
_uhttp://site.ebrary.com/lib/rucke/Doc?id=10171537 _zAn electronic book accessible through the World Wide Web; click to view |
| 999 |
_c138543 _d138543 |
||